| 000 | 00496nam a2200169Ia 4500 | ||
|---|---|---|---|
| 008 | 220803s9999 xx 000 0 und d | ||
| 020 | _a81-7305-315-4 | ||
| 041 | _aeng | ||
| 082 | _a658.408 CHA/BAD | ||
| 100 |
_aChakravarty K K Ed. _911893 |
||
| 245 | _aTraditional Water Management Systems Of India | ||
| 260 |
_aBhopal _bIndira Gandhi Rashtriya Sangrahalaya _c2000 |
||
| 300 | _a192p | ||
| 500 | _aEnvironment | ||
| 650 |
_aEnvironmental Architecture _911894 |
||
| 700 |
_aBadam G L Ed. _911895 |
||
| 999 |
_c9681 _d9681 |
||